000 00585nam a2200193Ii 4500
001 20257
003 CO-ViMGA
008 241108s9999||||xx |||||||||||||| ||und||
040 _aCO-ViMGA
_bspa
_erda
_cCO-ViMGA
041 0 _aspa
082 0 4 _a321.8 C65
245 1 0 _aColombia :
_bDemocracia y sociedad
264 1 _aBogotá, Colombia : CIDSE ; FESCOL, [Fecha de publicación no identificada]
300 _avolumen
336 _atext
_btxt
_2rdacontent
337 _aunmediated
_bn
_2rdamedia
338 _avolume
_bnc
_2rdacarrier
940 _aidficha_siabuc: 19912. -- ficha_no_siabuc:20257
999 _c47686
_d47686